000 00984nas a2200325 4500
001 BR2015004753
003 BR-BrBNA
005 20231205125633.0
007 ta
008 230509b bl.|||p| |||| 00| 00por d
040 _aBR-BrBNA
_bpor
_cBiblioteca Nacional de Agricultura
041 _a(En)
072 _aF06
100 1 _aCarvalho, G.C.
100 1 _aCoelho, E.F.
100 1 _aSilva, A. dos S.A.M. da
100 1 _aPamponet, A.J.M.
245 1 _aTrickle irrigation: effects on papaya crop
650 _aMAMAO
650 _aCARICA PAPAYA
650 _aIRRIGACAO LOCALIZADA
650 _aRENDIMENTO
650 _aIRRIGACAO POR ASPERSAO
650 _aIRRIGACAO POR GOTEJAMENTO
650 _aANALISE COMPARATIVA
773 0 _tEngenharia Agrícola (Brazil)
_xISSN 1809-4430
_g(Mar-Apr 2014), v. 34(2) p. 236-243
_wBR2015004753
856 4 0 _uhttp://www.scielo.br/pdf/eagri/v34n2/a05v34n2.pdf
909 _a202311
_bLúcia
_c55
_dLúcia Elande
942 _2AGRIS
_n0
_cANA
999 _c245312
_d245312